00892 2200313 4500001002100000005001500021035002000036007000300056008004100059040001200100082001600112084001800128090002200146090002200168100002700190245009100217260005500308300003800363650002000401700001600421700002700437850001200464041000800476505002200484990001800506990001800524990001800542990001800560INLIS00000000079333420190122021639 a0010-0718000314ta180712 ind  aYOPDYOG04223a746.662 a746.662 SOE p aBTR 746.662 SOE p aCOE 746.662 SOE p0 aSoeparman Hadisoemarto1 aPenuntun batik /cSoeparman Hadisoemarto, S. Soetopo; ilustrasi, R. L. Djajengpoestoko aRembang :bDinas Kearsipan dan Perpustakaan,c2017 a114 halaman :bilustrasi ;c27 cm 4aKerajinan batik1 aSoetopo, S.1 aDjajengpoestoko, R. L. aYOPDYOG0 aind a( Naskah Langka ) a59242-PD/A.18 a59243-PD/A.18 a59243-PD/A.18 a59242-PD/A.18